00378nam a22001337a 4500003000400000008004100004020001800045100002100063245007700084260003800161300001000199650002500209700001000234OSt250227b |||||||| |||| 00| 0 eng d a9788197978579 aVERMA, Dinesh C  aTransformative Intelligence : The Convergence of AI and ML Technologies  aNew Delhi bNaples Indian c2024. a341p. aFaculty Publication  aNish